000 00859nam a2200277Ia 4500
003 OSt
005 20220928122347.0
006 a|||||r|||| 00| 0
007 ta
008 220927b |||||||| |||| 00| 0 eng d
020 _c9399.6494999999995
024 _a103230
037 _b214, 08/12/2009, N.R.Book Distributors
_cTextual
040 _aSDCL
_cSDCL
_beng
041 _2eng
_aeng
082 _aL:5238:(E9G,982), Q0
100 _aWhitehurst Robert J Ed.
_9457737
245 0 _aEnzymes in food technology.
250 _a2
260 _aChichester
_b#NAME?
_c2010
300 _axiv,368p.
_ccm.
650 _aMicrobiology
700 _a Oort Maarten van Ed.
_9457738
942 _hL:5238:(E9G,982), Q0
_cTEXL
_2CC
999 _c771165
_d771165